Music Quiz

Random Music or Numbers Quiz
Score 0/41 Timer 10:00
0 Plays Today
Artist Song % Correct
Dexys Midnight RunnersCome On Eileen
73%
SurvivorEye of the Tiger
72.8%
Michael JacksonBillie Jean
68%
Paul McCartney with Stevie WonderEbony and Ivory
66.2%
Pink FloydAnother Brick in the Wall (Part II)
64.9%
UB40Red Red Wine
62.6%
BlondieCall Me
61.6%
Wham!Wake Me Up Before You Go-Go
61.1%
Rick AstleyNever Gonna Give You Up
59.3%
Bonnie TylerTotal Eclipse of the Heart
59.2%
Culture ClubKarma Chameleon
57.3%
The PoliceEvery Breath You Take
57.1%
USA for AfricaWe Are the World
56.9%
Men at WorkDown Under
54.7%
The Human LeagueDon't You Want Me
51.9%
Lionel RichieHello
49.8%
FalcoRock me Amadeus
47.9%
Los LobosLa Bamba
45.5%
BerlinTake My Breath Away
44.4%
Pet Shop BoysWest End Girls
43.1%
MadonnaLike a Prayer
42.1%
Artist Song % Correct
TiffanyI Think We're Alone Now
41.6%
Wham! featuring George Michael (US)/ George Michael (UK)Careless Whisper
38.6%
David BowieLet's Dance
37.7%
Stevie WonderI Just Called to Say I Love You
35.4%
BanglesEternal Flame
34.1%
ForeignerI Want to Know What Love Is
32.7%
MadonnaPapa Don't Preach
31.3%
Whitney HoustonI Wanna Dance With Somebody (Who Loves Me)
29.3%
Belinda CarlisleHeaven is a Place on Earth
28.8%
BlondieThe Tide is High
28.2%
New Kids on the BlockHangin' Tough
26.9%
Duran DuranThe Reflex
23.6%
John Lennon(Just Like) Starting Over
19.5%
StarshipNothing's Gonna Stop Us Now
19.1%
Aretha Franklin & George MichaelI Knew You Were Waiting (For Me)
18.3%
Whitney HoustonSaving All My Love for You
12.9%
Barbra StreisandWoman in Love
12.3%
Michael Jackson with Siedah GarrettI Just Can't Stop Loving You
8.6%
Phil CollinsGroovy Kind of Love
8.4%
MadonnaWho's That Girl
7.8%
Remove Ads.
Support Sporcle.
Get the best of Sporcle when you Go Orange. This ad-free experience offers more features, more stats, and more fun while also helping to support Sporcle. Thank you for becoming a member.

You're not logged in!

Compare scores with friends on all Sporcle quizzes.
OR
Log In

Sporcle TV

Today on Sporcle TV


Watch our educational content, quiz creation guides, and fun videos on Sporcle TV.

Show Comments

Extras

Top Quizzes Today


Score Distribution

Paid Content

Your Account Isn't Verified!

In order to create a playlist on Sporcle, you need to verify the email address you used during registration. Go to your Sporcle Settings to finish the process.

Report this User

Report this user for behavior that violates our Community Guidelines.

Details: